00941cam a2200325 a 45000010005000000030006000050050017000110080041000280100017000690200015000860200018001010400023001190420009001420500025001510820012001761000027001882450047002152500048002622600035003103000059003454400027004045000023004315050007004545200050004615210019005115210018005306500025005486500020005736500022005933971FISKH20250127141231.0970623s1998 nyua a 000 1 eng  a 97026877  a0590149040 a9780590149044 aDLCcDLCdDLCbeng alcac00aPZ7.M478818bBs 199800a4092211 aMcPhail, David,d1940-12aA bug, a bear, and a boy /cDavid McPhail. aThis edition first printing, January 2011.  aNew York :bScholastic,c1998. a32 unnumbered pages : bcolor illustrations ; c23 cm  0aHello reader!nLevel 1 a"Cartwheel books." aE  aThree friends learn, love, and play together.8 a260 bLexile 8 aE bRaz-Plus  1aFriendshipvFiction. 1aBearsvFiction. 1aInsectsvFiction.